Statistiques concernant Plus Grandes Villes de la Mer Baltique

Cliquez ici pour prendre le quiz!

Statistiques générales

  • Ce quiz a été pris 84 fois
    (27 depuis la dernière actualisation)
  • Le résultat moyen est 8 sur 12

Statistiques - réponses

Pays Population Ville % Correct
Suède1,5 MStockholm
100%
Danemark1,3 MCopenhague
100%
Finlande1,2 MHelsinki
100%
Lettonie641 KRiga
100%
Estonie449 KTallinn
93%
Russie5,3 MSaint-Pétersbourg
89%
Suède341 KMalmö
70%
Pologne464 KGdańsk
63%
Allemagne247 KKiel
37%
Russie449 KKaliningrad
33%
Pologne406 KSzczecin
11%
Pologne248 KGdynia
11%

Distribution des résultats

Percentile par nombre de réponses

% des personnes avec chaque résultat

Votre développement - résultats

Vous n’avez pas pris ce quiz depuis la dernière actualisation